00326nam a22001097a 4500008004100000022001300041041000800054245007300062260005400135300001200189651001500201250914b |||||||| |||| 00| 0 eng d a30486254 aeng aJournal of Purchasing , Logistics and Supply Chain Management System aUttar PradeshbMAT Journals Private Limitedc2025 a58:. p  aManagement